01734nam a22003375a 4500003000900000005001700009008004100026020001500067020001800082040004300100082002000143100004000163245007400203264005700277300004500334336002600379337002800405338002700433490004300460504005200503520036500555650004800920651001000968653001700978653002600995655002401021942002801045999001701073952015301090952015301243EG-ScBUE20220508113752.0160807s1991 enka f b 001 0 eng d a0582016487 a9780582016484 aEG-ScBUEbengerdacEG-ScBUEdEG-ScBUE04222a418.02bBEL1 940680aBell, Roger T.,‏ eauthor.10aTranslation and translating : btheory and practice /cRoger T. Bell. 1aHarlow, England :bPearson Education Limited,c1991. axx, 298 pages :billustrations ;c22 cm. 2rdacontentatextbtxt 2rdamediaaunmediatedbn 2rdacarrieravolumebnc0 aApplied linguistics and language study aIncludes bibliographical references and index.  a Argues that the subjective evaluation of the product must give way to a descriptive and objective attempt to reveal the workings of the process (ie translating). Without such a shift, translation theory will continue outside the mainstream of intellectual activity in human sciences and fail to take its rightful place as a major field in applied Linguistics. 7aTranslating and interpreting.2BUEsh939247 2BUEsh cAugust 2016  cOctober2016bHHUUEENN vReading book934232 2ddce22k418.02 BELcBB c22126d22098 00102ddc40708BaccahaMAINbMAINc2NDd2016-08-07ePurchaseg468.00h25868l0o418.02 BELp000033126r2025-07-15 00:00:00v585.00w2016-08-07yBB 00102ddc40708BaccahaMAINbMAINc2NDd2016-10-13ePurchaseg497.00h26103l0o418.02 BELp000033458r2025-07-15 00:00:00v621.00w2016-10-13yBB